Transportation Engineering (Record no. 5426)

MARC details
000 -LEADER
fixed length control field 00341nam a2200145Ia 4500
008 - FIXED-LENGTH DATA ELEMENTS--GENERAL INFORMATION
fixed length control field 191201s2012 xx 000 0 und d
082 ## - DEWEY DECIMAL CLASSIFICATION NUMBER
Classification number 629.04
Item number UPT
100 ## - MAIN ENTRY--PERSONAL NAME
Personal name UPADHYAY, AK
245 #0 - TITLE STATEMENT
Title Transportation Engineering
250 ## - EDITION STATEMENT
Edition statement Rep
260 ## - PUBLICATION, DISTRIBUTION, ETC. (IMPRINT)
Place of publication, distribution, etc N. Delhi
Name of publisher, distributor, etc S.K.Kataria
Date of publication, distribution, etc 2012
300 ## - PHYSICAL DESCRIPTION
Extent 349
650 ## - SUBJECT ADDED ENTRY--TOPICAL TERM
Topical term or geographic name as entry element B.Tech(CE)
942 ## - ADDED ENTRY ELEMENTS (KOHA)
Source of classification or shelving scheme Dewey Decimal Classification
Koha item type Text Books
Holdings
Withdrawn status Lost status Source of classification or shelving scheme Damaged status Not for loan Collection code Home library Current library Date acquired Source of acquisition Cost, normal purchase price Bill Number Total Checkouts Full call number Acc. no. / Barcode Date last seen Bill Date Koha item type Date last borrowed
    Dewey Decimal Classification     B.Tech(CE) PIET C-LIBRARY PIET C-LIBRARY 17/07/2012 IBH, New Delhi 165.00 5685   629.04 UPT 20492 04/12/2019 14/07/2012 Text Books  
    Dewey Decimal Classification     B.Tech(CE) PIET C-LIBRARY PIET C-LIBRARY 17/07/2012 IBH, New Delhi 165.00 5685   629.04 UPT 20493 04/12/2019 14/07/2012 Text Books  
    Dewey Decimal Classification     B.Tech(CE) PIET C-LIBRARY PIET C-LIBRARY 17/07/2012 IBH, New Delhi 165.00 5685 1 629.04 UPT 20494 04/04/2023 14/07/2012 Text Books 21/03/2023
    Dewey Decimal Classification     B.Tech(CE) PIET C-LIBRARY PIET C-LIBRARY 17/07/2012 IBH, New Delhi 165.00 5685   629.04 UPT 20495 04/12/2019 14/07/2012 Text Books  
    Dewey Decimal Classification     B.Tech(CE) PIET C-LIBRARY PIET C-LIBRARY 17/07/2012 IBH, New Delhi 165.00 5685   629.04 UPT 20496 04/12/2019 14/07/2012 Text Books  

Design & Developed by: PIET Central Library
R70 Miles Stone Pattikalyana Samalkha Panipat 132102
mail ID :- [email protected], Phone No:- 0180-2569700 Ex.216